| Tag |
First Indicator |
Second Indicator |
Subfields |
| LEADER |
00000pam a2200000 a 4500 |
| 001 |
in00002052467 |
| 005 |
20151101180150.0 |
| 008 |
041020s2005 enkac b 001 0 eng |
| 015 |
|
|
|a GBA501022
|2 bnb
|
| 016 |
7 |
|
|a 013074445
|2 Uk
|
| 020 |
|
|
|a 0750936894
|
| 035 |
|
|
|a (OCoLC)ocm57382160
|
| 040 |
|
|
|a UKM
|b eng
|c UKM
|d BWKUK
|d TXA
|d UtOrBLW
|
| 042 |
|
|
|a ukblsr
|
| 043 |
|
|
|a e-gx---
|
| 049 |
|
|
|a TXAM
|
| 050 |
|
4 |
|a D757.9.H29
|b L48 2005
|
| 082 |
0 |
4 |
|a 940.54213151
|2 22
|
| 100 |
1 |
|
|a Le Tissier, Tony,
|d 1932-
|
| 245 |
1 |
0 |
|a Slaughter at Halbe :
|b the destruction of Hitler's 9th Army, April 1945 /
|c Tony le Tissier.
|
| 264 |
|
1 |
|a Stroud :
|b Sutton,
|c 2005.
|
| 300 |
|
|
|a xi, 244 pages, 16 unnumbered pages of plates :
|b illustrations, maps, portraits ;
|c 25 cm.
|
| 336 |
|
|
|a text
|b txt
|2 rdacontent
|
| 337 |
|
|
|a unmediated
|b n
|2 rdamedia
|
| 338 |
|
|
|a volume
|b nc
|2 rdacarrier
|
| 504 |
|
|
|a Includes bibliographical references and index.
|
| 610 |
1 |
0 |
|a Germany.
|b Heer.
|b Armee, 9.
|
| 650 |
|
0 |
|a World War, 1939-1945
|x Campaigns
|z Germany
|z Halbe.
|
| 948 |
|
|
|a cataloged
|b h
|c 2005/6/1
|d c
|e jgreene
|f 5:44:57 pm
|
| 994 |
|
|
|a E0
|b TXA
|
| 999 |
|
|
|a MARS
|
| 999 |
f |
f |
|s 6260a7f9-9274-3175-a255-7d474e6c7491
|i a94f3a74-9058-349e-b62f-8f6023c981ff
|t 0
|
| 952 |
f |
f |
|p normal
|a Texas A&M University
|b College Station
|c Sterling C. Evans Library
|d Evans: Library Stacks
|t 0
|e D757.9.H29 L48 2005
|h Library of Congress classification
|i unmediated -- volume
|m A14833631633
|
| 998 |
f |
f |
|a D757.9.H29 L48 2005
|t 0
|l Evans: Library Stacks
|